ბათუმის შოთა რუსთაველის სახელმწიფო უნივერსიტეტის ბიბლიოთეკა

ემოციური მარკერები ამერიკულ და ქართულ საარჩევნო დისკურსში : (ბიბ.ჩანაწერი № 63210)

000 -ლიდერი
ფიქსირებული სიგრძის საკონტროლო ველი 01487nam a22002417a 4500
003 - საკონტროლო ნომრის იდენტიფიკატორი
საკონტროლო ველი Ge_BSU
005 - ბოლო ოპერაციის თარიღი და დრო
საკონტროლო ველი 20250630104340.0
008 - ფიქსირებული სიგრძის მონაცემთა ელემენტები - ზოგადი ინფორმაცია
ფიქსირებული სიგრძის საკონტროლო ველი 250630s2025 ge ||||| |||| 00| 0 geo d
041 ## - ენის კოდი
Language code of text/sound track or separate title geo
080 ## - უნივერსალური ათობითი კლასიფიკაციის ინდექსი
Universal Decimal Classification number 82 ა-85
100 ## - მთავარი ჩანაწერი - პიროვნების სახელი
Personal name არძენაძე, ქეთევან
9 (RLIN) 25562
245 ## - ცნობა სათაურის შესახებ
Title ემოციური მარკერები ამერიკულ და ქართულ საარჩევნო დისკურსში :
Remainder of title დისერტაცია /
Statement of responsibility, etc ქეთევან არძენაძე; სამეცნ. ხელმძღვანელი ირინე გოშხეთელიანი; ბსუ. ჰუმანიტარულ მეცნიერებათა ფაკულტეტი. ევროპეისტიკის დეპარტამენტი.
264 ## - წარმოების, გამოცემის, დისტრიბუციის და სხვა ცნობები
გამოცემის, წარმოების, დისტრიბუციის... ადგილი ბათუმი,
გამოცემის, წარმოების, დისტრიბუციის... თარიღი 2025.
300 ## - ფიზიკური აღწერა
Extent 256 გვ.;
Other physical details 30 სმ.
501 ## - შენიშვნა თანმხლებ მასალაზე
With note დანართ გვ. 167-256
504 ## - BIBLIOGRAPHY, ETC. NOTE
Bibliography, etc ბიბლიოგრ. გვ. 157-166
653 ## - INDEX TERM--UNCONTROLLED
Uncontrolled term ფილოლოგია
653 ## - INDEX TERM--UNCONTROLLED
Uncontrolled term ინგლისური ენა
653 ## - INDEX TERM--UNCONTROLLED
Uncontrolled term დისერტაცია
700 ## - ADDED ENTRY--PERSONAL NAME
Personal name გოშხეთელიანი, ირინე
9 (RLIN) 25563
710 ## - ADDED ENTRY--CORPORATE NAME
Corporate name or jurisdiction name as entry element ბსუ. ჰუმანიტარულ მეცნიერებათა ფაკულტეტი.
Subordinate unit ევროპეისტიკის დეპარტამენტი.
9 (RLIN) 25564
942 ## - ADDED ENTRY ELEMENTS (KOHA)
Source of classification or shelving scheme
Koha item type დისერტაცია
ეგზემპლარები
ჩამოწერის სტატუსი დაკარგული ეგზემპლარის სტატუსი კლასიფიკაციის წყარო ან თაროზე გაწყობის სქემა დაზიანების სტატუსი არ გაიცემა მუდმივი მდებარეობა (დაცვის ადგილი) ამჟამინდელი ადგილსამყოფელი თაროზე განთავსების ადგილი შეძენის თარიღი სრული შენახვის შიფრი შტრიხკოდი ბოლო ოპერაციის თარიღი ეგზემპლარის მიმდევრობითი ნომერი (კეტერი?) ფასის ძალაში შესვლის თარიღი ეგზემპლარის სახეობა
          ბათუმის შოთა რუსთაველის სახელმწიფო უნივერსიტეტის მთავარი ბიბლიოთეკა ბათუმის შოთა რუსთაველის სახელმწიფო უნივერსიტეტის მთავარი ბიბლიოთეკა წიგნსაცავი 2025-06-30 82 ა-85 441 დისერტ. 2025-06-30 441 2025-06-30 დისერტაცია